Giải phẫu người; T1: Giải phẫu học đại cương chi trên, chi dưới, đầu, mặt, cổ

Guardat en:
Dades bibliogràfiques
Autor principal: Trịnh Văn Minh...[et al.]
Format: Llibre
Idioma:Undetermined
Publicat: Hà Nội Y Học 1998
Matèries:
Etiquetes: Afegir etiqueta
Sense etiquetes, Sigues el primer a etiquetar aquest registre!
Thư viện lưu trữ: Trung tâm Học liệu Trường Đại học Cần Thơ
LEADER 00621nam a2200193Ia 4500
001 CTU_32306
008 210402s9999 xx 000 0 und d
020 |b 68.000đ 
082 |a 611 
082 |b Gi103/T1 
100 |a Trịnh Văn Minh...[et al.] 
245 0 |a Giải phẫu người; T1: Giải phẫu học đại cương chi trên, chi dưới, đầu, mặt, cổ 
245 0 |c Trịnh Văn Minh...[et al.] 
260 |a Hà Nội 
260 |b Y Học 
260 |c 1998 
650 |a human anatomy 
904 |i Minh, 990730 
980 |a Trung tâm Học liệu Trường Đại học Cần Thơ